All Mtn Dew Flavors - Statistics

General Stats
  • This quiz has been taken 67 times
    66 since last reset
  • The average score is 19 of 73
Answer Stats
Answer % Correct
Code Red
98%
Baja Blast
86%
Voltage
81%
Livewire
70%
Major Melon
63%
Mountain Dew
63%
Pitch Black
63%
VooDEW 2019
56%
Spark
53%
Frost Bite
49%
Purple Thunder
47%
Summer Freeze
44%
VooDEW 2020
44%
Sweet Lightning
42%
Thrashed Apple
42%
VooDEW 2021
42%
VooDEW 2022
42%
White Out
42%
Baja Gold
40%
Maui Burst
37%
DewSA
35%
Fruit Quake
35%
Legend
33%
Liberty Brew
33%
Baja Punch
30%
Overdrive
30%
Supernova
30%
Gingerbread Snap'd
28%
Citrus Cherry
26%
Citrus Cherry
26%
Baja Flash
23%
Dark Berry Bash
23%
Flamin' Hot
23%
Baja Mango Gem
21%
Baja Passionfruit Punch
21%
Uproar
21%
Vibe
21%
Gogi Citrus Strawberry
19%
Typhoon
19%
Atomic Blue
16%
Tropical
16%
Berry Monsoon
14%
Blue Shock
14%
Baja Caribbean Splash
12%
Cobra Cane
12%
Distortion
12%
Ice
12%
Lemonade
12%
Mystic Punch
12%
Pitch Black II
12%
Revolution
12%
Sangrita Blast
12%
Southern Shock
12%
Violet
12%
Baja Deep Dive
9%
Cake Smash
9%
Dewshine
9%
Holiday Brew
9%
Merry Mash Up
9%
VooDEW 2023
9%
Berry Lime
7%
Electrifying Berry
7%
Solar Flare
7%
Arctic Burst
5%
Berry Twister
5%
Fruit Storm
5%
Mango Heat
5%
Passionfruit Frenzy
5%
Raspberry Citrus
5%
Tropical Smash
5%
Wild Fruit
5%
Cherry Fusion
2%
Cyclone
2%
No matching quizzes found
Score Distribution
Percent of People with Each Score
Percentile by Number Answered
Your Score History
You have not taken this quiz since the last reset